000 00674nam a22002297a 4500
003 UA-OsUOA
001 31312
007 ta
008 20041209b un ||||| |||| 00| 0 ukr d
090 _a39(5)
_bН28
942 _cBK
040 _aUA-OsUOA
_brus
_cUA-OsUOA
_dUA-OsUOA
245 _aНароды Средней Азии и Казахстана
_bЭтнографические очерки
_cРед. С.П.Толстов Т.А.Жданко
300 _a766 с.
955 _a0
041 _arus
080 _a39(5)
260 _aМосква
_bИздательство Академии наук СССР
_c1962
044 _aRU
650 7 _2UDC
999 _c317735
_d317735